00651nam a2200193Ia 4500008004100000020001800041082001400059100002500073245006100098250000800159260004200167300003100209500001900240600002700259650002000286942000700306952012700313999001700440240925s9999 xx 000 0 und d a9788131715529 a519.5 WAL aWalpole ,Ronald E. 0aProbability and Statistics: for engineers and scientists a8th aNew Delhi:bPearson Educationc,2007. axxiv,1190p.bN.AfOriginal aIncludes Index aEngineering Technology aNatural Science cBK 001040708ETaUITUbUITUd2013-04-25eFair Book Centerg895.00l0o519.5 WALpQ9722r2024-09-25 07:15:25w2024-09-25yBK c12221d12221